Novell NetWare : Uživatelský průvodce systémem /
Salvato in:
| Autore principale: | |
|---|---|
| Natura: | Libro |
| Lingua: | ceco |
| Pubblicazione: |
Praha :
Grada,
1991
|
| Soggetti: | |
| Tags: |
Nessun Tag, puoi essere il primo ad aggiungerne!!
|
MARC
| LEADER | 00000nam a22000003a 4500 | ||
|---|---|---|---|
| 001 | stu36628 | ||
| 005 | 20150617225727.3 | ||
| 008 | 920616s1991----cs------------------cze-d | ||
| 020 | |a 80-85424-04-5 | ||
| 040 | |a STU |b slo | ||
| 041 | 0 | |a cze | |
| 044 | |a cs | ||
| 080 | |a 681.3.066 | ||
| 100 | 1 | |a Novák, Tomáš |4 aut | |
| 245 | 1 | |a Novell NetWare : |b Uživatelský průvodce systémem / |c [aut.]Tomáš Novák | |
| 260 | |a Praha : |b Grada, |c 1991 | ||
| 300 | |a 192 s | ||
| 650 | 7 | |a systém operačný |2 stusub | |
| 650 | 7 | |a Novell NetWare |2 stusub | |
| 996 | |b 284M039846 |c M*8034-1 |l MMKN |s A |a 24 |w stu36628_0001 | ||